000 00889nam a22002417a 4500
005 20080613162358.0
008 080613t xxu||||| |||| 00| 0 eng d
010 _aENG-90291
020 _a8120333451
_c325.00
035 _aEN-73824
037 _bDBAD / PUB
040 _aDPL
_bEN
082 _a670.285
100 _aAlavudeen, A.
245 _aComputer integrated manufacturing /
_cby A. Alavudeen [and] N. Venkateshwaran
260 _aNew Delhi
_bPrentice Hall of India
_c2008
270 _aM-97, Connaught Circus,
_bNew Delhi
_e110001
300 _axix,420p.
_c24 cm (pbk)
500 _aIncludes glossary & index
700 _aVenkateshwaran, N.
942 _cEN
_h670.285
_2ddc
_mALA
999 _c13650
_d13650